000 00734nam a2200229Ia 4500
001 10203
003 GE_BSU
008 181216s||||||||xx |||||||||||||| ||und||
040 _cGE_BSU
080 _a821.353.1+821.353.1–1
100 _aტაბიძე,გალაქტიონ
245 _aთხზულებანი
245 _bტ.VI
245 _cრედ:გრ.აბაშიძე;გამომშვები:ზ.პაპუკაშვილი.
260 _aთბილისი
260 _bსახელგამი
260 _c1949
300 _a380გვ;16სმ.
300 _b1ფურც.პორტრეტი
653 _aთხზულებანი: ტ.VI
942 _cBK
999 _c43472
_d43472